What's This Anime Name by picture - Statistics

General Stats
  • This quiz has been taken 65 times
  • The average score is 4 of 16
Answer Stats
Picture Answer % Correct
Another
78%
Youjo Senki
60%
Otonari no Tenshi Sama
40%
Fruit Basket
38%
Yuru Camp
29%
Mahō Shōjo ni Akogarete
20%
Isekai Nonbiri Nouka
18%
Seirei Gensouki
18%
Aikatsu Stars!
13%
Akudama Drive
11%
Guild No Uketsukejou Desu Ga, Zangyou Wa Iya Nanode Boss Wo Solo Toubatsu Shiyou To Omoimasu
11%
Slime Taoshite 300-nen, Shiranai Uchi ni Level MAX ni Nattemashita
11%
High School Fleet
9%
Isekai de Cheat Skill
4%
Selection Project
4%
Shirobako
4%
No matching quizzes found
Score Distribution
Percent of People with Each Score
Percentile by Number Answered
Your Score History
You have not taken this quiz